Metodika prístupu k obnove renesančných okenných otvorov a ich výplní na šarišských kaštieľoch
Saved in:
| Main Author: | |
|---|---|
| Other Authors: | |
| Format: | Manuscript Book |
| Language: | Slovak |
| Published: |
2017
|
| Subjects: | |
| Online Access: | http://is.stuba.sk/zp/portal_zp.pl?podrobnosti=76775 |
| Tags: |
No Tags, Be the first to tag this record!
|
MARC
| LEADER | 00000ntm a22000003a 4500 | ||
|---|---|---|---|
| 001 | stuzp29505 | ||
| 003 | SK-STU | ||
| 005 | 20170520210143.9 | ||
| 007 | ta | ||
| 008 | 150427s2015----xo-----f-mn---000-0-slo-d | ||
| 040 | |a STU |b slo | ||
| 041 | 0 | |a slo | |
| 100 | 1 | |a Belišová, Gabriela |u 010310 |4 aut |U SvF Stavebná fakulta |T SvF Katedra architektúry |X 10594 |U V181|V310 |Y 19 |7 A000010594 | |
| 242 | 0 | 1 | |a The methodology of approach to renovation of renaissance windows openings and their fills on the Saris castles |y eng |
| 245 | 1 | 0 | |a Metodika prístupu k obnove renesančných okenných otvorov a ich výplní na šarišských kaštieľoch |
| 260 | |c 2017 | ||
| 650 | 4 | |a obnova |2 slo | |
| 650 | 4 | |a renesancia |2 slo | |
| 650 | 4 | |a kaštieľ |2 slo | |
| 650 | 4 | |a okenný otvor |2 slo | |
| 650 | 4 | |a rehabilitation |2 eng | |
| 650 | 4 | |a renaissance |2 eng | |
| 650 | 4 | |a mansion |2 eng | |
| 650 | 4 | |a window opening |2 eng | |
| 700 | 1 | |a Dohňanská, Elena |u 010310 |k Z1 |4 ths |U SvF Stavebná fakulta |T SvF Katedra architektúry |X 973 |U V181|V310 |Y 19 |7 A000000973 | |
| 856 | 4 | |u http://is.stuba.sk/zp/portal_zp.pl?podrobnosti=76775 | |
| 996 | |b 284V041429 |c V* 3392/DP-1322 |l VVS |s P |a 0 |w stuzp29505_0001 | ||